[Event "IND-ch U15 39th"]
[Site "Kolkata"]
[Date "2013.08.06"]
[Round "1"]
[White "Mohammad, Nubairshah Shaikh"]
[Black "Ayush, Pandey"]
[Result "1/2-1/2"]
[WhiteElo "2251"]
[BlackElo "1628"]
[PlyCount "88"]
[EventDate "2013.08.06"]
[EventType "swiss"]
[EventRounds "11"]
[EventCountry "IND"]
[SourceTitle "CBM 155 Extra"]
[Source "ChessBase"]
[SourceDate "2013.08.26"]
[SourceVersion "1"]
[SourceVersionDate "2013.08.26"]
[SourceQuality "1"]

1. d4 d5 2. c4 c6 3. Nf3 Nf6 4. Nc3 dxc4 5. a4 Bf5 6. e3 e6 7. Bxc4 Bb4 8. 0-0 0-0 9. Nh4 Bg4 10. f3 Bh5 11. g4 Bg6 12. Nxg6 hxg6 13. e4 Qa5 14. Qb3 Qb6 15. Na2 Ba5 16. Be3 Nbd7 17. Qa3 Qd8 18. Rad1 Bc7 19. Rf2 Nb6 20. Be2 a5 21. Nc1 Nfd7 22. Nb3 Rc8 23. Nc5 Nxc5 24. dxc5 Nd7 25. Qd3 Ne5 26. Qb3 Re8 27. f4 Nd7 28. e5 g5 29. fxg5 Nxe5 30. Bd4 Ng6 31. Rdf1 Re7 32. Bd3 Qd7 33. Bf6 Ree8 34. Bxg7 Kxg7 35. Rxf7+ Qxf7 36. Rxf7+ Kxf7 37. Bxg6+ Kxg6 38. h4 Re7 39. Qd3+ Kg7 40. h5 Rd8 41. Qg6+ Kf8 42. Qh6+ Kg8 43. Qg6+ Kf8 44. Qh6+ Kg8 1/2-1/2